00495 2200193 4500001002100000005001500021008004100036020001800077035001900095041000700114082001100121090001700132100002100149700001700170245003200187260002400219300002800243650003000271INLIS00000000000489320241224113010241224||||||||| | ||| |||| || |  a979-730-484-1 0010-1224004893 aid0 a922.97 a922.97 YUL s0 aYuliadi Soekardi0 aU. Syahbudin00aSunan Muria Raden Umar Said bPustaka Setiac2004 a124 hlm.: ilus.; 24 hlm 0aIlmu Sejarah dan Biografi